| 000 | 00888cam a2200289 a 4500 | ||
|---|---|---|---|
| 020 | _a9780821371114 (v. 1 : hbk.) | ||
| 020 | _a0821371118 (v. 1 : hbk.) | ||
| 020 | _a9780821369913 (v. 1 : pbk.) | ||
| 020 | _a0821369911 (v. 1 : pbk.) | ||
| 020 | _a9780821372159 (v. 2 : pbk.) | ||
| 020 | _a9780821378366 (v. 2 : hbk.) | ||
| 020 | _a9780821372173 (v. 3 : pbk.) | ||
| 020 | _a9780821376317 (v. 4 : pbk.) | ||
| 040 | _cUKM | ||
| 082 | 0 | 4 | _a339 WOR 2007 A069 Or. |
| 245 | 0 | 0 | _aMoving out of poverty. |
| 260 |
_aBasingstoke ; _aNew York : _bPalgrave ; _aWashington, D.C. : _bWorld Bank, _cc2007-<c2010 > |
||
| 300 |
_av. <1-4 > : _bill. ; _c24 cm. |
||
| 650 | 0 | _aPoverty | |
| 650 | 0 | _aSocial mobility | |
| 650 | 0 | _aMigrant labor | |
| 700 | 1 | _aNarayan-Parker, Deepa. | |
| 700 | 1 | _aPetesch, Patti L. | |
| 700 | 1 | _aPritchett, Lant. | |
| 700 | 1 | _aKapoor, Soumya. | |
| 942 | _cEK | ||
| 999 |
_c14623 _d14623 |
||